| 000 | 01302nam a22003497a 4500 | ||
|---|---|---|---|
| 003 | CHAP | ||
| 005 | 20220329133544.0 | ||
| 008 | 971013s1993 r 00010 d | ||
| 010 | _a7818 | ||
| 011 | _a8790 | ||
| 035 | _a8021 | ||
| 040 | _cCHAP | ||
| 082 |
_a630.03 _bD5 |
||
| 245 | _aDiccionario de agricultura y ganadería | ||
| 260 |
_aMéxico, D.F. : _bArmol, _c1993 |
||
| 300 | _a634 p | ||
| 590 |
_aBATCH-UPD _b10 _c20130110 _lUCH01 _h0233 |
||
| 590 |
_aBATCH-UPD _b10 _c20130110 _lUCH01 _h2017 |
||
| 590 |
_aBATCH-UPD _b10 _c20130410 _lUCH01 _h1336 |
||
| 590 |
_aBATCH-UPD _b10 _c20130914 _lUCH01 _h1455 |
||
| 590 |
_aCONVERSION _b10 _c20130109 _lUCH01 _h1305 |
||
| 650 | 1 | 4 |
_aAgricultura _xDiccionarios. _91393 |
| 650 | 1 | 4 |
_aGanadería _xDiccionarios. _944684 |
| 700 | 0 |
_aPalafox Flores, Francisco Armando. _984875 |
|
| 901 | _aBK | ||
| 942 | _cLIBRO | ||
| 949 |
_a630.03 D5 _bBC _cC _d33724000499406 _eC _gI. 168745 _h84558 _i8021 _sb _t125.00 |
||
| 949 |
_a630.03 D5 _bBC _cC _d33724000499414 _eC _fc.3 _gI.169898 _h85116 _i8021 _si _t125.00 |
||
| 949 |
_a630.03 D5 _bBC _cC _d33724000499422 _eC _fc.5 _gI.172577 _h83594 _i8021 _si _t125.00 |
||
| 949 |
_a630.03 D5 _bBC _cC _d33724000499430 _eC _fc.4 _gI.172576 _h93595 _i8021 _si _t125.00 |
||
| 949 |
_a630.03 D5 _bBC _cC _d33724000629820 _eC _fc.2 _gI. 168746 _h84559 _i8021 _si _t125.00 |
||
| 999 |
_c7818 _d7818 |
||